Annual review of phytopathology : 1986 - 1995

Tallennettuna:
Bibliografiset tiedot
Päätekijä: Baker, Kenneth F.
Aineistotyyppi: Kirja
Kieli:Undetermined
Julkaistu: Palo Alto, Calif. Annual Reviews 1995
Aiheet:
Tagit: Lisää tagi
Ei tageja, Lisää ensimmäinen tagi!
Thư viện lưu trữ: Trung tâm Học liệu Trường Đại học Cần Thơ
LEADER 00574nam a2200205Ia 4500
001 CTU_238003
008 210402s9999 xx 000 0 und d
082 |a 581 
082 |b B167/Vol.33 
100 |a Baker, Kenneth F. 
245 0 |a Annual review of phytopathology : 
245 0 |b 1986 - 1995 
245 0 |c Kenneth F. Baker 
260 |a Palo Alto, Calif. 
260 |b Annual Reviews 
260 |c 1995 
650 |a Plant diseases,Bệnh cây 
650 |x Research,Nghiên cứu 
910 |b nthai 
980 |a Trung tâm Học liệu Trường Đại học Cần Thơ